Multiple time scale (Record no. 575534)
[ view plain ]
| 000 -LEADER | |
|---|---|
| fixed length control field | 00616nam a22001817a 4500 |
| 003 - CONTROL NUMBER IDENTIFIER | |
| control field | CEME |
| 005 - DATE AND TIME OF LATEST TRANSACTION | |
| control field | 20210628203921.0 |
| 008 - FIXED-LENGTH DATA ELEMENTS--GENERAL INFORMATION | |
| fixed length control field | 210308b xxu||||| |||| 00| 0 eng d |
| 020 ## - INTERNATIONAL STANDARD BOOK NUMBER | |
| International Standard Book Number | 0-12-123420-7 |
| 040 ## - CATALOGING SOURCE | |
| Transcribing agency | . |
| 082 ## - DEWEY DECIMAL CLASSIFICATION NUMBER | |
| Classification number | 515.35 MUL'B |
| 100 ## - MAIN ENTRY--PERSONAL NAME | |
| Personal name | Brackbill, Jeremiah U , Cohan, Bruce I |
| 9 (RLIN) | 67841 |
| 245 ## - TITLE STATEMENT | |
| Title | Multiple time scale |
| 260 ## - PUBLICATION, DISTRIBUTION, ETC. | |
| Place of publication, distribution, etc. | ORLANDO |
| Name of publisher, distributor, etc. | ACADEMIC PRESS |
| Date of publication, distribution, etc. | 1985 |
| 300 ## - PHYSICAL DESCRIPTION | |
| Extent | XIII, 442P |
| 650 ## - SUBJECT ADDED ENTRY--TOPICAL TERM | |
| Topical term or geographic name entry element | DIFFERENTIAL EQUATION PARTIAL NUMERICAL SOLUTION ADDRESSES ESSAYS LECTURES MONTECARLO METHODS ADDRESSES ESSAYS LECTURES NONLINERA THEORIES ADDRESSES ESSAYS LECTURES |
| 9 (RLIN) | 67842 |
| 942 ## - ADDED ENTRY ELEMENTS (KOHA) | |
| Koha item type | Book |
| Source of classification or shelving scheme | |
| Withdrawn status | Lost status | Damaged status | Not for loan | Permanent Location | Current Location | Shelving location | Date acquired | Total Checkouts | Full call number | Barcode | Date last seen | Price effective from | Koha item type |
|---|---|---|---|---|---|---|---|---|---|---|---|---|---|
| College of Electrical & Mechanical Engineering (CEME) | College of Electrical & Mechanical Engineering (CEME) | General Stacks | 08/01/2017 | 515.35 MUL'B | CEME-29352 | 06/28/2021 | 06/28/2021 | Book |
